Corrientes y tendencias de la educación física
Guardat en:
| Autor principal: | |
|---|---|
| Format: | Llibre |
| Idioma: | espanyol |
| Publicat: |
Barcelona
INDE Publicaciones
2001
|
| Edició: | 1a. ed |
| Col·lecció: | Biblioteca Temática del Deporte
|
| Matèries: | |
| Etiquetes: |
Afegir etiqueta
Sense etiquetes, Sigues el primer a etiquetar aquest registre!
|
MARC
| LEADER | 00000nam a2200000 a 4500 | ||
|---|---|---|---|
| 001 | UCI9424 | ||
| 003 | CL-VaPUC | ||
| 008 | 081120e20010000SP |||||||||||||||||spa|d | ||
| 020 | |a 8495114240 | ||
| 082 | 0 | 4 | |a 372.86 |b ZAG |2 21 |
| 100 | 0 | |a Zagalaz Sánchez, María Luisa |e author |9 533174 | |
| 245 | 1 | 0 | |a Corrientes y tendencias de la educación física |
| 250 | |a 1a. ed | ||
| 300 | |a 107 p | ||
| 942 | |c BK | ||
| 945 | |d 20081120 00:00:00 |a rbrito | ||
| 260 | |a Barcelona |b INDE Publicaciones |c 2001 | ||
| 650 | 0 | |a Educación física |9 240893 | |
| 650 | 7 | |a ENSEÑANZA DE LA EDUCACION FISICA |2 CL-VaPUC |9 394746 | |
| 650 | 0 | |a Formación profesional de profesores |9 307493 | |
| 650 | 7 | |a PROFESORES DE EDUCACION FISICA |2 CL-VaPUC |9 533175 | |
| 583 | |a last modification |c 20081120 00:00:00 |k Rodrigo Vera | ||
| 490 | 0 | |a Biblioteca Temática del Deporte | |
| 999 | |c 331961 |d 331959 | ||
| 952 | |0 0 |1 0 |4 0 |6 372_860000000000000_ZAG_2001 |7 0 |8 A |9 419209 |a BIBEDU |b BIBEDU |d 2019-11-22 |i 4497422 |l 1 |m 1 |o 372.86 ZAG 2001 |p 4497422 |q 2023-07-31 |r 2021-11-26 |s 2021-11-26 |w 2019-11-22 |y BK |k EFI | ||